00635nam a2200205Ia 4500008004100000020001800041050001600059050001400075245005400089245003600143260001700179260002500196260000900221300001600230300002000246300001100266500004100277650005500318650005600373160418s9999 xx 000 0 und d a971-08-6850-0 aFIL PL 6051 b.S56 2009 aSining ng komunikasyon sa akademikong Filipino /  cJose A. Arrogante... [et al].  aMandaluyong: bNational Book Store, c2009 a425 pages : billustrations ; c23 cm. aIncludes bibliographical references. aFilipino language -- Study and teaching (Higher).  xCommunication -- Study and teaching -- Philippines.